00150nam a22000737a 4500003000400000245003500004260002900039300000800068SGT aBULLETION OF MATERIALS SCIENCE bSpringer publisherc2019 a400